MARC

LEADER 00000nam0a2200000 4500
001 323660
005 20231102003606.0
035 |a (RuTPU)RU\TPU\book\349247 
035 |a RU\TPU\book\117207 
090 |a 323660 
100 |a 20161025d1945 km y0rusy50 ca 
101 0 |a rus 
102 |a RU 
105 |a ab z 001zy 
200 1 |a Минеральные ресурсы стран Северной Европы (Великобритания, Эйре, Швеции, Норвегии, Финляндии, Дании и Нидерландов)  |e [сборник]  |f М. С. Розин, С. А. Первушин, Е. В. Орлова  |g СССР, Комитет по делам геологии ; Всесоюзный геологический фонд (ВГФ, Союзгеолфонд) 
210 |a Москва  |a Ленинград  |c Госгеолиздат  |d 1945 
215 |a 147 с.  |c ил., карты 
225 1 |a Минеральные ресурсы зарубежных стран  |v Вып. 4 
320 |a Библиогр. в конце ст. 
606 1 |a Минеральные ресурсы  |y Зарубежные страны  |2 stltpush  |3 (RuTPU)RU\TPU\subj\44062  |9 63443 
610 1 |a полезные ископаемые 
610 1 |a использование 
610 1 |a Северная Европа 
610 1 |a Великобритания 
610 1 |a Швеция 
610 1 |a Норвегия 
610 1 |a Финляндия 
610 1 |a Дания 
610 1 |a Нидерланды 
610 1 |a топливно-энергетические ресурсы 
610 1 |a черные металлы 
610 1 |a цветные металлы 
610 1 |a неметаллические полезные ископаемые 
675 |a 553.04(4/9)  |v 3 
700 1 |a Розин  |b М. С. 
701 1 |a Первушин  |b С. А. 
701 1 |a Орлова  |b Е. В. 
712 0 1 |a СССР  |b Комитет по делам геологии  |c (1939-1946)  |2 stltpush  |3 (RuTPU)RU\TPU\col\18488  |9 27049 
712 0 2 |a Всесоюзный геологический фонд (ВГФ, Союзгеолфонд)  |c (Москва)  |c (1937-1991)  |2 stltpush  |3 (RuTPU)RU\TPU\col\13722 
801 1 |a RU  |b 63413507  |c 20070123  |g PSBO 
801 2 |a RU  |b 63413507  |c 20200206  |g PSBO 
942 |c BK